| 000 | 01151nam a22002657a 4500 | ||
|---|---|---|---|
| 005 | 20170124103010.0 | ||
| 010 | _aA-295082 | ||
| 020 | _c15.00 | ||
| 035 | _aA-295082 | ||
| 037 | _bCen Lib/Ret | ||
| 040 |
_aDPL _bHN |
||
| 082 |
_aउ _bकम्बार |
||
| 100 |
_aकम्बार, चन्द्रशेखर _942649 |
||
| 245 |
_aप्रणय-प्रसंग / _cचन्द्रशेखर कम्बार; अनुवादक बी.आर. नारायण |
||
| 246 |
_aPranya prasang / _bby Chandrashekhar Kaambar; anuvadak B.R. Narayan |
||
| 260 |
_aनई दिल्ली _bविद्या प्रकाशन मंदिर _c1986 |
||
| 270 |
_a1681 दरयागंज _bनई दिल्ली _e110002 |
||
| 300 |
_a83पृ. _c16सेमी(सजिल्द ) |
||
| 650 |
_aहिंदी साहित्य _x _z _957199 |
||
| 650 |
_aहिंदी उपन्यास _957200 |
||
| 650 |
_aHindi literature _v _957201 |
||
| 650 |
_aHindi fiction _927248 |
||
| 700 |
_aनारायण, बी.आर. _957202 |
||
| 942 |
_2ddc _cHN _hउ _mकम्बार |
||
| 999 |
_c114531 _d114531 |
||